000 01446pam a2200373 a 4500
001 1104930
003 OSt
005 20260428170500.0
008 930318s1994 njua b 001 0 eng
010 _a 93001145
020 _a0131197142
020 _a0131197142
035 _a1104930
040 _aDLC
_cFoundation University
_dFoundation University
043 _ae-it---
050 0 0 _aN6915
_b.H37 1987
100 1 _aHartt, Frederick.
_915770
245 1 0 _aHistory of Italian Renaissance art :
_bpainting, sculpture, architecture /
_cFrederick Hartt.
250 _a4th ed. /
_brev. by David G. Wilkins.
260 _aEnglewood Cliff, N.J. :
_bPrentice Hall ;
_aNew York :
_bH.N. Abrams,
_c1987
264 _41987
300 _a696 p. :
_bill. (some col.) ;
_c30 cm.
_3books
_fbooks
336 _atext
_btxt
_2rdacontent
_3n
337 _aunmediated
_bn
_2rdamedia
338 _avolume
_bnc
_2rdacarrier
_3n
504 _aIncludes bibliographical references (p. 669-677) and index.
650 0 _aArt, Italian.
_915381
650 0 _aArt, Renaissance
_zItaly.
_915382
700 1 _aWilkins, David G.
_915771
906 _a7
_bcbc
_corignew
_d1
_eocip
_f19
_gy-gencatlg
942 _2lcc
_cBK
_e4th ed.
_hN 6915
_i.1987 H37
_k(DAFA-FA)
999 _c5838
_d5838